ნორმალური ფორმატი
MARC ფორმატი
ჩანაწერი Personal Name
ჩანაწერთა რაოდენობა, რომელიც გამოყენებულია: 1
001 - CONTROL NUMBER
- control field: 8308
003 - CONTROL NUMBER IDENTIFIER
- control field: GE_BSU
005 - DATE AND TIME OF LATEST TRANSACTION
- control field: 20200606000254.0
008 - FIXED-LENGTH DATA ELEMENTS
- fixed length control field: 200606|| aca||aabn | a|a d
040 ## - CATALOGING SOURCE
- Original cataloging agency: GE_BSU
- Transcribing agency: GE_BSU
100 ## - HEADING--PERSONAL NAME
- Personal name: შანიძე, ა.
- Relator term: რედაქტორი
670 ## - SOURCE DATA FOUND
- Source citation: Work cat.: (GE_BSU)53015: იმნაიშვილი, ი. 5492, ქართული ენის ისტორიული ქრესტომათია = Историческая хрестоматия Грузинского языка, ტ.1 : ლექსიკონით, ენის მიმოხილვით და ტაბულებით : ნაწ. 2 : ლექსიკონით, ენის მიმოხილვით და ტაბულებით /
